| 000 | 00554cim a22001457a 4500 | ||
|---|---|---|---|
| 040 | _cDLC | ||
| 082 | _a334 FAO 2015 C146 Or. | ||
| 245 | 1 | 0 |
_aDesigning nutrition-sensitive Agriculture Investment Conference _bChecklist and guidance for programme formulation |
| 260 |
_aWindhoek, Namibia : _bMinistry of Agriculture, Water & Forestry, _c2010. |
||
| 300 |
_a1 sound disc : _bdigital ; _c4 3/4 in. |
||
| 500 | _aProduction level cataloging. | ||
| 520 | _aSpeeches given during the Agriculture Investment Conference. | ||
| 710 | 1 | _aNamibia. | |
| 942 | _cAEDBB | ||
| 999 |
_c21025 _d21025 |
||